| 000 | 00665nam a2200181Ia 4500 | ||
|---|---|---|---|
| 008 | 100921s9999 xx 000 0 und d | ||
| 082 |
_b12928 _a891.463 थ 73 |
||
| 100 | _aसिनकर श्रीकांत. | ||
| 245 | _aगुन्हेगारांच्या किमया. | ||
| 260 |
_bप्रिया प्रकाशन,पुणे. _c1973 |
||
| 300 |
_a207 _b--- |
||
| 365 | _b15 | ||
| 520 | _aललित-कथा. | ||
| 630 | _aगुन्हेगारांच्या किमया. | ||
| 650 | _aललित-कथा. | ||
| 730 | _aगुन्हेगारांच्या किमया. | ||
| 942 | _cBOOK | ||
| 999 |
_c762041 _d762038 |
||